header

Biology: (Record no. 265238)

MARC details
000 -LEADER
fixed length control field 00544nam a22001937a 4500
003 - CONTROL NUMBER IDENTIFIER
control field OSt
005 - DATE AND TIME OF LATEST TRANSACTION
control field 20251117135821.0
008 - FIXED-LENGTH DATA ELEMENTS--GENERAL INFORMATION
fixed length control field 251117b |||||||| |||| 00| 0 eng d
020 ## - INTERNATIONAL STANDARD BOOK NUMBER
International Standard Book Number 9780176502294
International Standard Book Number 0176502297
040 ## - CATALOGING SOURCE
Original cataloging agency DLC
Language of cataloging eng
Transcribing agency DLC
Modifying agency RU
Description conventions rda
050 ## - LIBRARY OF CONGRESS CALL NUMBER
Classification number QH308
Item number .B57 2010
100 ## - MAIN ENTRY--PERSONAL NAME
Personal name Russell, Peter J.
Relator term Author
245 ## - TITLE STATEMENT
Title Biology:
Remainder of title Exploring the Diversity of Life
250 ## - EDITION STATEMENT
Edition statement 1st Canadian Edition
Remainder of edition statement Vol.1
260 ## - PUBLICATION, DISTRIBUTION, ETC. (IMPRINT)
Place of publication, distribution, etc Canada
Name of publisher, distributor, etc Nelson Education Ltd
Date of publication, distribution, etc 2010
300 ## - PHYSICAL DESCRIPTION
Extent xxi,371pages
Other physical details ill; [col]
942 ## - ADDED ENTRY ELEMENTS (KOHA)
Source of classification or shelving scheme Library of Congress Classification
Koha item type Long Loan Books
Holdings
Withdrawn status Lost status Source of classification or shelving scheme Damaged status Not for loan Collection code Home library Current library Shelving location Date acquired Source of acquisition Total Checkouts Full call number Barcode Date last seen Price effective from Koha item type
    Library of Congress Classification     Non-fiction Rongo University Library Rongo University Library General Stacks 17/11/2025 Books for Africa (Donation)   QH308 .B57 2010 20260487 17/11/2025 17/11/2025 Long Loan Books

© 2026 Rongo University
Contact us: librarian | system librarian | Rongo university